000 00697cam a2200253 4500
008 000000n1998 000 0 eng u
020 _aM102133
035 _a(Sirsi) u102133
041 _aENG
050 _a711.552
110 _aJones Lang Wootton
_92909
245 _aRetail and leisure multiplex cinemas in shopping centres - January 1999.
260 _aLondon
_bJones Lang Wooton
_c1998
300 _a15p. ; 30cm.
650 _aRETAIL PROPERTIES
650 _aSHOPPING CENTRES
650 _aRETAIL PARKS
650 _aCINEMAS
650 _aMARKET SURVEYS
650 _aPLANNING
650 _aLEISURE AND RECREATION FACILITIES
690 _aECONOMIC AND SOCIAL
942 _n0
999 _c100046
_d100046